MARC

Tag First Indicator Second Indicator Subfields
LEADER 00000cas a2200000 4500
001 in00000073788
005 20151008054713.0
008 790706d19781981cr mr p s f0 b0spa
010 |a  79645550  
029 1 |a AU@  |b 000025184758 
035 |a (OCoLC)ocm05143512 
035 |a (OCoLC)5143512 
040 |a DLC  |b eng  |c DLC  |d DLC  |d NST  |d DLC  |d FUG  |d NST  |d OCLCQ  |d OCLCO  |d OCLCQ  |d OCLCF  |d UtOrBLW 
042 |a pcc 
043 |a nccr--- 
049 |a TXAM 
050 0 0 |a HD6998  |b .C65a 
110 1 |a Costa Rica.  |b Dirección General de Estadística y Censos. 
245 1 0 |a Indices de precios para los consumidores de ingresos medios y bajos del area metropolitana de San José y del Valle Central Urbano. 
264 1 |a [San José] :  |b Ministerio de Economía, Industria y Comercio, Dirección General de Estadística y Censos. 
300 |a volumes ;  |c 27 cm. 
336 |a text  |b txt  |2 rdacontent 
337 |a unmediated  |b n  |2 rdamedia 
338 |a volume  |b nc  |2 rdacarrier 
362 0 |a Enero 1978-jun. 1981. 
500 |a Issue for Sept. 1979 has title: Indices de precios para los consumidores de ingresos medios y bajos del area metropolitana de San José. 
650 0 |a Prices  |z Costa Rica  |z San José Metropolitan Area  |v Statistics  |v Periodicals. 
650 0 |a Cost and standard of living  |z Costa Rica  |z San José Metropolitan Area  |v Statistics  |v Periodicals. 
650 7 |a Cost and standard of living.  |2 fast  |0 (OCoLC)fst00880673 
650 7 |a Prices.  |2 fast  |0 (OCoLC)fst01076207 
651 7 |a Costa Rica  |z San José Metropolitan Area.  |2 fast  |0 (OCoLC)fst01343304 
655 7 |a Periodicals.  |2 fast  |0 (OCoLC)fst01411641 
655 7 |a Statistics.  |2 fast  |0 (OCoLC)fst01423727 
780 0 0 |a Costa Rica. Dirección General de Estadística y Censos.  |t Indices de precios para los consumidores de ingresos medios y bajos del area metropolitana de San José  |w (DLC) 76647280 
785 0 0 |t Indices de precios para los consumidores de ingresos medios y bajos del area metropolitana de San José  |w (DLC)sn 88035048  |w (OCoLC)14996185 
850 |a CtY-E  |a DLC  |a FU  |a IU  |a NN  |a PPiU  |a TxCM  |a WU 
936 |a oct. 1978 
949 |a updated  |b h  |c 2014/1/30  |e spoltoratski  |f 4:11:51 pm  |g m 
994 |a C0  |b TXA 
999 |a MARS 
999 f f |s 3e71665a-01f0-3213-892e-f3c903c7ee93  |i 927152a5-288d-3865-a751-355012690bea  |t 0 
952 f f |p ric  |a Texas A&M University  |b Rellis Campus  |c Joint Library Facility  |d Remote Storage  |t 0  |e HD6998 .C65a  |h Library of Congress classification  |i unmediated -- volume  |k 1980:mayo,julio-dic.  |m A14842086010 
952 f f |p ric  |a Texas A&M University  |b Rellis Campus  |c Joint Library Facility  |d Remote Storage  |t 0  |e HD6998 .C65a  |h Library of Congress classification  |i unmediated -- volume  |k 1981:enero-mayo  |m A14842086036 
998 f f |a HD6998 .C65a  |s 1981:enero-mayo,agosto,oct.  |t 0  |l Remote Storage